000 00412nam a22001577a 4500
005 20200528100102.0
008 200528b xxu||||| |||| 00| 0 eng d
041 _aeng
082 _a340
100 _aBARE ACT
_95744
245 _aTHE INSURANCE REGULATORY AND DEVELOPMENT AUTHORITY ACT 1999 (41-1999)
260 _aDELHI
_bPROFESSIOALS BOOK PUBLISHERS
300 _a1113;p
650 _aLAW
_95701
942 _cBK
999 _c6553
_d6551